| 000 | 00471 a2200133 4500 | ||
|---|---|---|---|
| 020 | _a0309071577 | ||
| 082 | _a625.85 AAS | ||
| 245 |
_aHot-mix asphalt paving handbook 2000 / _c[American Association of State Highway and Transportation Officials ... et al.]. |
||
| 250 | _a[2nd ed.] | ||
| 260 |
_a[Washington, D.C.] : _bUS Army Corps of Engineers, _c2000. |
||
| 300 |
_aviii, 219 p. : _bill. ; _c28 cm. |
||
| 650 | _aAsphalt emulsion mixtures | ||
| 650 | _aPavements, Asphalt | ||
| 650 | _aAsphalt cement | ||
| 999 |
_c1937 _d1937 |
||